Statistiques concernant Équipe du Sénégal - le quiz

Cliquez ici pour prendre le quiz!

Statistiques générales

  • Ce quiz a été pris 97 fois
    (78 depuis la dernière actualisation)
  • Le résultat moyen est 13 sur 20

Statistiques - réponses

QuestionRéponse% Correct
Quel animal est l’emblème de l’équipe du Sénégal ?Le lion
100%
Combien de CAN a remporté l’équipe ?1
97%
Qui est actuellement le meilleur buteur de la sélection ?Sadio Mané
94%
Qui est actuellement le sélectionneur de l’équipe ?Aliou Cissé
92%
En quelle année les sénégalais jouent leur première Coupe du Monde ?2002
86%
Quelle équipe européenne très connue battent-ils en phase de poules et ne les passera pas ?France
83%
Quelle équipe est sacrée championne d’Afrique en 2019, battant le Sénégal en finale ?Algérie
80%
Quel ancien joueur de Chelsea et de Rennes garde actuellement les cages de la sélection ?Édouard Mendy
80%
Lors du sacre à la CAN 2021, quelle équipe le Sénégal vainc en finale ?Égypte
80%
Quelle équipe les éliminent en huitièmes de finale de la CAN 2023 ?Côte d’Ivoire
74%
En quelle année les sénégalais disputent leur 2ème Coupe du Monde ?2018
73%
Qui est actuellement l’équipementier des sénégalais ?Puma
64%
Quel attaquant est la véritable star de l’équipe durant la compétition ?El Hadji Diouf
62%
Éliminés en phase de groupes, à la différence de quoi sont ils éliminés, en faveur du Japon ?de Cartons jaunes !!!
41%
Quel stade de la compétition les lions de la Teranga atteignent lors du Mondial 2022 ?Huitièmes de finale
41%
Qui est actuellement le joueur le plus capé de la sélection ?Idrissa Gueye
41%
Qui est l’unique buteur lors de la rencontre opposant le Sénégal à cette équipe européenne ?Papa Bouba Diop
39%
Quel joueur non retenu pour ce Mondial, buteur de l’OM fait partie des stars de la sélection au au milieu des années 2000 début des années 2010 ?Mamadou Niang
38%
Quel ancien milieu star des bleus dans les années 80 prend les rênes de la sélection de 2013 à 2015 ?Alain Giresse
29%
À quel stade de la compétition le Sénégal s’arrêtera t’il ?Quarts de finale
29%

Distribution des résultats

Percentile par nombre de réponses

% des personnes avec chaque résultat

Votre développement - résultats

Vous n’avez pas pris ce quiz depuis la dernière actualisation